| 000 | 00736cam a2200289 4500 | ||
|---|---|---|---|
| 008 | 090401t1993 xxu||||| |||| 00| 0 eng d | ||
| 020 | _a0113214146 | ||
| 035 | _a(Sirsi) u62366 | ||
| 041 | _aeng | ||
| 050 | _a690.24 | ||
| 110 |
_aNHS Estates _92893 |
||
| 245 | _aEstatecode: environments for quality care. | ||
| 260 |
_aLondon _bHMSO _c1993 |
||
| 300 | _a42p. ; 30cm. | ||
| 350 | _a35 | ||
| 490 | _aEstatecode | ||
| 520 | _aFILED IN ESTATECODE VOLUME 1. | ||
| 650 | _aDESIGN | ||
| 650 |
_aEnvironment _96238 |
||
| 650 | _aESTATE MANAGEMENT | ||
| 650 | _aHOSPITALS | ||
| 650 | _aNATIONAL HEALTH SERVICE | ||
| 650 | _aQUALITY CARE | ||
| 690 | _aCOMMERCIAL PROPERTY-MANAGEMENT | ||
| 942 | _n0 | ||
| 948 | _c04/03/1997 | ||
| 999 |
_c94397 _d94397 |
||